[Event "Sharjah Masters-B 8th"]
[Site "Sharjah"]
[Date "2025.05.21"]
[Round "5"]
[White "Shyam, Nikil P"]
[Black "Vasilkov, Nikolay"]
[Result "1/2-1/2"]
[WhiteElo "2430"]
[BlackElo "2201"]
[PlyCount "85"]
[EventDate "2025.05.17"]
[EventType "swiss"]
[EventRounds "9"]
[EventCountry "UAE"]
[SourceTitle "CB22_2025"]
[SourceDate "2025.05.28"]
[SourceVersion "1"]
[SourceVersionDate "2025.05.28"]
[SourceQuality "1"]

1. e4 c5 2. Nf3 d6 3. Nc3 Nf6 4. d4 cxd4 5. Nxd4 a6 6. h3 e5 7. Nf3 Qc7 8. a4 Be6 9. g4 h6 10. Bg2 Be7 11. 0-0 Nc6 12. Ne1 Bc4 13. Nd3 Rd8 14. b3 Bxd3 15. Qxd3 Nb4 16. Qd2 Rc8 17. Bb2 0-0 18. a5 Rfd8 19. Ra4 Qc5 20. Rd1 Nc6 21. Ne2 Nd7 22. c4 Nf8 23. Ba3 Qa7 24. Qe3 Qb8 25. Bb2 Bg5 26. Qg3 Ng6 27. Bc3 Qc7 28. Raa1 Rb8 29. Qd3 b6 30. axb6 Rxb6 31. Ra3 Rdb8 32. Qc2 Qb7 33. Rb1 Be7 34. Ra4 Rxb3 35. Rxb3 Qxb3 36. Qxb3 Rxb3 37. Rxa6 Nd8 38. Ra5 Rb1+ 39. Bf1 Ne6 40. Rb5 Rd1 41. Rd5 Rb1 42. Rb5 Rb3 43. Bg2 1/2-1/2

[Event "Asia-ch"]
[Site "Al Ain"]
[Date "2025.05.12"]
[Round "6"]
[White "Vasilkov, Nikolay"]
[Black "Fu, Yihe Rebo"]
[Result "1/2-1/2"]
[WhiteElo "2201"]
[BlackElo "2123"]
[PlyCount "86"]
[EventDate "2025.05.07"]
[EventType "swiss"]
[EventRounds "9"]
[EventCountry "UAE"]
[SourceTitle "CB21_2025"]
[SourceDate "2025.05.21"]
[SourceVersion "1"]
[SourceVersionDate "2025.05.21"]
[SourceQuality "1"]

1. e4 c5 2. Nf3 e6 3. d4 cxd4 4. Nxd4 Nf6 5. Nc3 Nc6 6. Bf4 d6 7. Bb5 Qc7 8. Ba4 a6 9. Nxc6 bxc6 10. Qe2 e5 11. Bg5 Be7 12. Qc4 Bd7 13. 0-0-0 0-0 14. f4 Qa5 15. Bxf6 Bxf6 16. f5 Rab8 17. Rxd6 Rb4 18. Qe2 Bg5+ 19. Kb1 Rxb2+ 20. Kxb2 Qb4+ 21. Bb3 Qxd6 22. Rd1 Qc7 23. Qxa6 Be3 24. Ne2 Bc8 25. Qd3 Bc5 26. Kb1 Be7 27. Qc3 Ba6 28. Nc1 Rb8 29. Nd3 c5 30. Qxe5 Bd6 31. Qd5 c4 32. Nf2 cxb3 33. axb3 Be5 34. Ng4 Be2 35. Qxe5 Qxe5 36. Nxe5 Bxd1 37. Nc4 Be2 38. Nd2 f6 39. c4 Kf7 40. Kc2 Ke7 41. Kc3 Rd8 42. b4 Rxd2 43. Kxd2 Bxc4 1/2-1/2

[Event "Asia-ch"]
[Site "Al Ain"]
[Date "2025.05.11"]
[Round "5"]
[White "Nurgaliyev, Sauat"]
[Black "Vasilkov, Nikolay"]
[Result "1-0"]
[WhiteElo "2407"]
[BlackElo "2201"]
[PlyCount "81"]
[EventDate "2025.05.07"]
[EventType "swiss"]
[EventRounds "9"]
[EventCountry "UAE"]
[SourceTitle "CB21_2025"]
[SourceDate "2025.05.21"]
[SourceVersion "1"]
[SourceVersionDate "2025.05.21"]
[SourceQuality "1"]

1. e4 c5 2. Nf3 d6 3. d4 cxd4 4. Nxd4 Nf6 5. Nc3 a6 6. Bd3 e5 7. Nde2 Be7 8. 0-0 0-0 9. Ng3 Be6 10. Nd5 Bxd5 11. exd5 g6 12. c4 Nbd7 13. Kh1 Rb8 14. b3 b5 15. f4 Re8 16. Qf3 Bf8 17. Bd2 bxc4 18. Bxc4 e4 19. Qe2 h5 20. Rfe1 Bg7 21. Rad1 Ng4 22. Nf1 e3 23. Nxe3 Ndf6 24. Qf1 Qb6 25. Qg1 Qd4 26. h3 Ne4 27. Nxg4 hxg4 28. Qxd4 Bxd4 29. Rxe4 Rxe4 30. Bd3 Re7 31. hxg4 f5 32. Kh2 fxg4 33. Kg3 Be3 34. Kxg4 Bxd2 35. Rxd2 a5 36. Bxg6 Kg7 37. Kg5 Rf8 38. g4 Rf6 39. Bf5 Rh6 40. Rc2 Rh1 41. Be6 1-0

[Event "Moscow Ivi GP op"]
[Site "Moscow"]
[Date "2025.03.11"]
[Round "6"]
[White "Shogdzhiev, Roman Sav"]
[Black "Vasilkov, Nikolay"]
[Result "0-1"]
[WhiteElo "2348"]
[BlackElo "2234"]
[PlyCount "130"]
[EventDate "2025.03.08"]
[EventType "swiss"]
[EventRounds "10"]
[EventCountry "RUS"]
[SourceTitle "CB12_2025"]
[SourceDate "2025.03.19"]
[SourceVersion "1"]
[SourceVersionDate "2025.03.19"]
[SourceQuality "1"]

1. e4 c5 2. Nf3 d6 3. d4 cxd4 4. Nxd4 Nf6 5. Nc3 a6 6. h3 e6 7. g4 h6 8. a3 Be7 9. Be3 g5 10. Qe2 Nbd7 11. 0-0-0 Qc7 12. Nb3 b5 13. f4 Bb7 14. Bg2 gxf4 15. Bxf4 Ne5 16. Rhf1 Nfd7 17. Qf2 Rh7 18. Qg3 0-0-0 19. Kb1 Rg8 20. Qf2 Nc4 21. Na2 h5 22. gxh5 Rxh5 23. Nd2 Nde5 24. Nxc4 Nxc4 25. Nb4 Bf6 26. Nd3 Bd4 27. Qe2 Nxa3+ 28. Kc1 Nc4 29. c3 Rh4 30. Kb1 Be5 31. Bxe5 Nxe5 32. Qe1 Rh5 33. Nf4 Rhg5 34. Rf2 Ng6 35. Nxg6 R5xg6 36. Bh1 R8g7 37. Rfd2 Rg8 38. Qf2 e5 39. h4 Rh8 40. Bf3 Kb8 41. h5 Rf6 42. Qe3 Qc4 43. Kc1 Rhh6 44. Rg2 Qc5 45. Qd3 Qc4 46. Qe3 Qc5 47. Qd3 Qc4 48. Qe3 Qc5 49. Qd3 Kc7 50. Rg7 Rf4 51. Rg4 Rff6 52. Rg2 Qc4 53. Qe3 Qc5 54. Qd3 Bc6 55. Rc2 Rf4 56. Rh2 b4 57. Bh1 Bb5 58. Qg3 b3 59. Rh4 Rxh4 60. Qxh4 Qe3+ 61. Rd2 Bd7 62. Qh2 Bg4 63. Qf2 Rf6 64. Bf3 Rxf3 65. Qxe3 Rf1+ 0-1

[Event "Moscow Ivi GP"]
[Site "Moscow"]
[Date "2024.10.05"]
[Round "2"]
[White "Vasilkov, Nikolay"]
[Black "Aleksandrov, Aleksej"]
[Result "0-1"]
[WhiteElo "2154"]
[BlackElo "2410"]
[PlyCount "72"]
[EventDate "2024.10.05"]
[EventType "swiss"]
[EventRounds "10"]
[EventCountry "RUS"]
[SourceTitle "CB45_2024"]
[Source "ChessBase"]
[SourceDate "2024.11.06"]
[SourceVersion "1"]
[SourceVersionDate "2024.11.06"]
[SourceQuality "1"]

1. e4 e5 2. Nf3 Nc6 3. Bb5 a6 4. Ba4 Nf6 5. 0-0 Be7 6. Re1 b5 7. Bb3 d6 8. a4 Rb8 9. axb5 axb5 10. c3 0-0 11. d4 exd4 12. cxd4 d5 13. e5 Ne4 14. Nbd2 Bf5 15. Bc2 Nb4 16. Bb1 Ra8 17. Rxa8 Qxa8 18. Qe2 c5 19. Qxb5 c4 20. Nxe4 Rb8 21. Qxb8+ Qxb8 22. Nf6+ Bxf6 23. Bxf5 Be7 24. h4 g6 25. Bb1 Nc6 26. Bc2 Qa7 27. Bd2 Bb4 28. Bc3 Bxc3 29. bxc3 Qa3 30. Re3 Na7 31. Kh2 Nb5 32. e6 fxe6 33. Rxe6 Qxc3 34. Ba4 Nxd4 35. Re8+ Kg7 36. Ng5 Qb4 0-1

[Event "Paracin op-A 17th"]
[Site "Paracin"]
[Date "2024.07.05"]
[Round "3"]
[White "Vasilkov, Nikolay"]
[Black "Ben Ari, Yannay"]
[Result "0-1"]
[WhiteElo "2066"]
[BlackElo "2437"]
[PlyCount "88"]
[EventDate "2024.07.03"]
[EventType "swiss"]
[EventRounds "9"]
[EventCountry "SRB"]
[SourceTitle "CBM 221 Extra"]
[Source "ChessBase"]
[SourceDate "2024.09.30"]
[SourceVersion "1"]
[SourceVersionDate "2024.09.30"]
[SourceQuality "1"]

1. e4 c5 2. Nf3 Nc6 3. Nc3 e5 4. Bc4 Be7 5. d3 d6 6. a3 Nf6 7. Ng5 0-0 8. h4 h6 9. Be3 Ng4 10. Nf3 Nd4 11. Bxd4 cxd4 12. Nd5 Be6 13. Qb1 b5 14. Bb3 a5 15. a4 b4 16. Qa2 Rc8 17. Rc1 Rc5 18. Bc4 Kh8 19. Qb3 Qe8 20. h5 f5 21. Nb6 Rxc4 22. exf5 Rc6 23. Qxe6 Rxb6 24. f6 Nxf6 25. Nh4 Rf7 26. Ng6+ Kg8 27. Nxe5 dxe5 28. Qxb6 Bd8 29. Qb5 Qxb5 30. axb5 Nd5 31. g3 Rb7 32. 0-0 Rxb5 33. Ra1 Rc5 34. Rfe1 Nf6 35. Re2 Nxh5 36. Kg2 Nf6 37. b3 Bc7 38. Kf3 Kf7 39. Rd2 Ke6 40. Re2 Kf5 41. Rh1 h5 42. Kg2 g5 43. f3 Kg6 44. f4 exf4 0-1

[Event "Paracin op-A 17th"]
[Site "Paracin"]
[Date "2024.07.04"]
[Round "2"]
[White "Pasti, Aron"]
[Black "Vasilkov, Nikolay"]
[Result "0-1"]
[WhiteElo "2401"]
[BlackElo "2066"]
[PlyCount "58"]
[EventDate "2024.07.03"]
[EventType "swiss"]
[EventRounds "9"]
[EventCountry "SRB"]
[SourceTitle "CBM 221 Extra"]
[Source "ChessBase"]
[SourceDate "2024.09.30"]
[SourceVersion "1"]
[SourceVersionDate "2024.09.30"]
[SourceQuality "1"]

1. e4 c5 2. Nf3 e6 3. d4 cxd4 4. Nxd4 Nf6 5. Nc3 Nc6 6. a3 Be7 7. Be2 0-0 8. 0-0 d6 9. Be3 Qc7 10. f3 a6 11. Qe1 Nxd4 12. Bxd4 e5 13. Be3 Be6 14. f4 exf4 15. Rxf4 d5 16. exd5 Nxd5 17. Nxd5 Bxd5 18. Bd3 Rae8 19. Qg3 Bd6 20. Bxh7+ Kxh7 21. Rh4+ Kg8 22. Qh3 f6 23. Rh8+ Kf7 24. Qh5+ Ke6 25. Rxf8 Rxf8 26. Re1 Be5 27. Bd4 Qf7 28. Qg4+ Kd6 29. Rd1 Kc7 0-1

[Event "Moscow-ch op Superfinal"]
[Site "Ershovo"]
[Date "2024.02.26"]
[Round "5"]
[White "Smirnova, Ekaterina"]
[Black "Vasilkov, Nikolay"]
[Result "1/2-1/2"]
[WhiteElo "2190"]
[BlackElo "1950"]
[PlyCount "120"]
[EventDate "2024.02.23"]
[EventType "swiss"]
[EventRounds "10"]
[EventCountry "RUS"]
[SourceTitle "CBM 219 Extra"]
[Source "ChessBase"]
[SourceDate "2024.05.31"]
[SourceVersion "1"]
[SourceVersionDate "2024.05.31"]
[SourceQuality "1"]

1. d4 Nf6 2. c4 e6 3. g3 d5 4. Bg2 Be7 5. Nf3 0-0 6. 0-0 c6 7. Nbd2 b6 8. Qc2 Bb7 9. e4 Na6 10. cxd5 cxd5 11. e5 Nd7 12. a3 Rc8 13. Qd1 Qc7 14. Nb1 b5 15. Nc3 Qb6 16. Bg5 Bxg5 17. Nxg5 h6 18. Nf3 Rfd8 19. Qb3 Bc6 20. Rfc1 Rb8 21. Bf1 Nc7 22. Na2 Bb7 23. a4 a5 24. axb5 Ba6 25. Nc3 Nxb5 26. Nxb5 Bxb5 27. Qa3 Bxf1 28. Kxf1 Rdc8 29. Rxc8+ Rxc8 30. Qxa5 Qxb2 31. Kg2 Nb6 32. Ra2 Nc4 33. Qa6 Qb8 34. h4 Qc7 35. h5 Rb8 36. Qa7 Rb7 37. Qa8+ Kh7 38. g4 Rb8 39. Qa7 Rb7 40. Qa4 Nb2 41. Qa3 Qb8 42. g5 Rb3 43. Qa7 Qe8 44. Qc7 Nc4 45. Ra7 hxg5 46. Nxg5+ Kh6 47. Nxf7+ Kxh5 48. Ra1 Kg6 49. Nd6 Qf8 50. Rg1 Qf3+ 51. Kh2+ Kh5 52. Qf7+ Qxf7 53. Nxf7 Rf3 54. Rxg7 Rxf2+ 55. Kg3 Rf5 56. Nd8 Rg5+ 57. Rxg5+ Kxg5 58. Nxe6+ Kf5 59. Ng7+ Kg6 60. Ne8 Nxe5 1/2-1/2

[Event "Wch U12"]
[Site "Sharm El Sheikh"]
[Date "2023.10.16"]
[Round "1"]
[White "Vasilkov, Nikolay"]
[Black "Hong, Mingren"]
[Result "1-0"]
[WhiteElo "2025"]
[BlackElo "1554"]
[PlyCount "96"]
[EventDate "2023.10.16"]
[EventType "swiss"]
[EventRounds "11"]
[EventCountry "EGY"]
[SourceTitle "EXT 2025"]
[Source "ChessBase"]
[SourceDate "2024.10.14"]
[SourceVersion "1"]
[SourceVersionDate "2024.10.14"]
[SourceQuality "1"]

1. e4 c5 2. Nf3 Nc6 3. d4 cxd4 4. Nxd4 g6 5. Nc3 Bg7 6. Be3 Nf6 7. Bc4 0-0 8. Bb3 d6 9. f3 Bd7 10. Qd2 a6 11. 0-0-0 Rc8 12. h4 h5 13. Kb1 Ne5 14. Bh6 b5 15. Bxg7 Kxg7 16. f4 Neg4 17. Rhe1 b4 18. Nd5 Nxd5 19. Bxd5 a5 20. e5 e6 21. Bf3 Nh6 22. exd6 Qxh4 23. Re5 a4 24. Rg5 f6 25. g3 Qh3 26. Bg2 Qxg2 27. Rxg6+ Kxg6 28. Qxg2 Ng4 29. Qe4+ f5 30. Qb7 Rfd8 31. Re1 Rb8 32. Qa7 Nf6 33. Nf3 Ng4 34. Qd4 Re8 35. Ne5+ Nxe5 36. Rxe5 b3 37. Rc5 Red8 38. Rc7 bxc2+ 39. Kxc2 Ra8 40. Kc3 Ra5 41. Qb6 Rd5 42. b4 axb3 43. axb3 e5 44. fxe5 Rxe5 45. Qa7 Be8 46. Qd4 Kf6 47. Re7 Rc8+ 48. Kb2 Ra8 1-0